Responses for Show #2232 - Tuesday, April 26, 1994

Contestants

[<< previous game]

Mark Sydel, a teacher of the deaf originally from Brooklyn, New York

Jack Penca, a lawyer from Colchester, Vermont

Mary Campbell, a teacher from Philadelphia, Pennsylvania (whose 1-day cash winnings total $10,405)

[next game >>]

Jeopardy! Round responses

U.S. HISTORY
NO. 1 SONGS
HEALTH & MEDICINE
PET BIRDS
HOBBIES
FRENCH
    $100 1
Khrushchev

Mark
    $100 6
Michael Jackson

Mark
    $100 7
ear wax

Mary
    $100 18
a parrot

Mark
    $100 12
comic books

Mark
    $100 17
Morocco

Jack
    $200 2
Puerto Rico

Mary
    $200 27
"Sexy"

Mark
    $200 8
liposuction

Mark
    $200 19
a cockatoo

Mary
    $200 13
whittling

Mary
    $200 20
with lemon

Mary
    $300 3
MacArthur

Jack
    $300 28
(Mary: Who is...)

Marvin Gaye

MaryMark
    $300 9
glaucoma

Mark
    $300 23
a myna

Mark
    $300 14
pressing flowers

Mary
    $300 21
an insect bite

Mary
    $400 4
the Interstate Commerce Commission

Mary
    $400 29
"Summer In The City"

Mary
    $400 10
Lou Gehrig's disease

Mary
    $800 24
(Mark: No idea.)

budgerigar (budgie)

Mark
    $400 15
fly fishing

Mark
    $400 22
a Zoo

Jack
    $500 5
John Alden

Triple Stumper
    $500 30
Conway Twitty

Triple Stumper
    $500 11
paralysis

Mark
    $500 26
pigeons

Mary
    $500 16
decoupage

Mary
    $500 25
horse racing

Mark

Scores at the first commercial break (after clue 15):

Mary Jack Mark
$1,600 $300 $1,700

Scores at the end of the Jeopardy! Round:

Mary Jack Mark
$3,400 $800 $2,300

Double Jeopardy! Round responses

EUROPEAN CITIES
SAINTS
THEATRE
U.S. COINS
ASSASSINATIONS
SHELLEY
    $200 3
Waterford

Mary
    $200 1
Joseph

Jack
    $200 11
Death of a Salesman

Mark
    $200 21
California

Mary
    $200 16
Mexico

Mark
    $200 26
Mary Shelley

Jack
    $400 7
Naples

Jack
    $400 2
television

Mark
    $400 12
Bangkok

Jack
    $400 22
buffalo (bison)

Mark
    $400 17
Italy

Jack
    $400 27
Lord Byron

Jack
    $600 8
Geneva

Jack
    $600 4
St. Luke

Jack
    $600 13
Jean-Paul Sartre

Mark
    $600 23
the Roosevelt dimes

Mary
    $600 18
the Persian Empire

Mary
    $600 28
Oxford

Mary
    $800 9
Finland

Jack
    $800 5
St. Bernadette

Jack
    $800 14
I Remember Mama

Mark
    $1,500 24
Calvin Coolidge

Mary
    $800 19
Jesse James

Mark
    $1,000 29
(Mary: Who is Horace?)
(Alex: No, sorry. The poem was Adonais and it was to [*].)

John Keats

Mary
    $1000 10
Frankfurt

Mark
    $1000 6
Seton

Mark
    $1000 15
(Mark: Who is Odette?)
(Alex: No.)
(Mark: [*].)
(Alex: No, sorry, I ruled against you and you corrected it later, it didn't help. The correct response, of course, is [*].)

Clifford Odets

Mark
Triple Stumper
    $1000 25
"The New Colossus"

Mark
    $1000 20
Earl Mountbatten

Mary
    $1000 30
Mont Blanc

Jack

Scores at the end of the Double Jeopardy! Round:

Mary Jack Mark
$7,100 $6,600 $7,700

[wagering suggestions for these scores]

Final Jeopardy! Round responses

LITERARY LANDMARKS
JackWhat is the House of the Seven Gables?
$6,599
MaryWhat is the House of the 7 Gables?
$7,005
MarkWhat is the House of the Seven Gables?
$6,501
The House of the Seven Gables

Final scores:

Mary Jack Mark
$14,105 $13,199 $14,201
2nd place: trip to Boston, Massachusetts 3rd place: Samsung LaserDisc player New champion: $14,201

Game dynamics:

Coryat scores:

Mary Jack Mark
$7,400 $6,600 $8,500
19 R
(including 1 DD),
2 W
(including 1 DD)
14 R,
0 W
22 R,
2 W
(including 1 DD)

Combined Coryat: $22,500

[game clues] [game scores] [suggest correction]

Game tape date: 1994-01-18
The J! Archive is created by fans, for fans. Scraping, republication, monetization, and malicious use prohibited; this site may use cookies and collect identifying information. See terms. The Jeopardy! game show and all elements thereof, including but not limited to copyright and trademark thereto, are the property of Jeopardy Productions, Inc. and are protected under law. This website is not affiliated with, sponsored by, or operated by Jeopardy Productions, Inc. Join the discussion at JBoard.tv.